Quantitative analysis of demand for higher education (Record no. 18855)

MARC details
000 -LEADER
fixed length control field 00487nam a2200169Ia 4500
082 ## - DEWEY DECIMAL CLASSIFICATION NUMBER
Classification number RD.0191
100 ## - MAIN ENTRY--AUTHOR NAME
Personal name Dhesi, Autar S.
245 #0 - TITLE STATEMENT
Title Quantitative analysis of demand for higher education
Sub Title :
260 ## - PUBLICATION, DISTRIBUTION, ETC. (IMPRINT)
Year of publication 0
Name of publisher ICSSR, New Delhi
300 ## - PHYSICAL DESCRIPTION
Number of Pages 406p.
650 ## - SUBJECT ADDED ENTRY--TOPICAL TERM
Topical Term EDUCATION, HIGHER
650 ## - SUBJECT ADDED ENTRY--TOPICAL TERM
Topical Term EDUCATION, HIGHER - ECONOMIC ASPECTS
650 ## - SUBJECT ADDED ENTRY--TOPICAL TERM
Topical Term LABOUR SUPPLY - EFFECT OF EDUCATION ON
650 ## - SUBJECT ADDED ENTRY--TOPICAL TERM
Topical Term EDUCATIONAL SOCIOLOGY
710 ## - ADDED ENTRY--CORPORATE NAME
Corporate name or jurisdiction name as entry element Guru Nanak Dev University
942 ## - ADDED ENTRY ELEMENTS (KOHA)
Koha item type Research Reports
Source of classification or shelving scheme Dewey Decimal Classification
Holdings
Withdrawn status Lost status Damaged status Not for loan Collection code Home library Current library Date acquired Bill Date Full call number Accession Number Price effective from Koha item type
        Major Research Project Reports NASSDOC Library NASSDOC Library 08/10/2004 2004-10-05 RD.0191 37199 18/04/2019 Research Reports
          NASSDOC Library NASSDOC Library 08/10/2004 2004-10-05 RD.0191 37200 18/04/2019 Books